Apollinaire on art: essays and reviews 1902-1918

Збережено в:
Бібліографічні деталі
Автор: Apollinaire, Guillaume de (Автор)
Формат: Книга
Мова:Англійська
Опубліковано: Nueva York Viking 1972
Серія:The Documents of 20th-Century Art
Предмети:
Теги: Додати тег
Немає тегів, Будьте першим, хто поставить тег для цього запису!

MARC

LEADER 00000nam a2200000 a 4500
001 UCO4949
003 CL-VaPUC
008 000825e19720000US |||||||||||||||||eng|d
082 0 4 |a 709.04  |b APO  |2 21 
100 0 |a Apollinaire, Guillaume de  |e author  |9 266798 
245 1 0 |a Apollinaire on art: essays and reviews 1902-1918 
300 |a 546 p 
942 |c BK 
945 |d 20000825 00:00:00  |a crobeson 
260 |a Nueva York  |b Viking  |c 1972 
650 0 |a Arte moderno  |9 265333 
650 0 |a Pintura moderna  |9 265600 
650 7 |a HISTORIA DEL ARTE 1902-1918  |2 CL-VaPUC  |9 449653 
650 0 |a Crítica de arte  |9 334590 
583 |a last modification  |c 20000825 00:00:00  |k Rodrigo Vera 
490 0 |a The Documents of 20th-Century Art 
999 |c 290908  |d 290906 
952 |0 0  |1 0  |4 0  |6 709_040000000000000_APO_1972  |7 0  |8 A  |9 340532  |a BIBART  |b BIBART  |d 2019-11-20  |i 1217275  |l 1  |o 709.04 APO 1972  |p 1217275  |r 2025-03-13  |s 2022-04-04  |w 2019-11-20  |y BK  |k ART